| 000 | 00502nam a22001931c 4500 | ||
|---|---|---|---|
| 001 | 00106004441 | ||
| 008 | 051003s1995 gw a||| 000u rus d | ||
| 020 |
_a5855430146 _95-85543-014-6 |
||
| 041 | _arus | ||
| 100 | 1 | _aGor'kov, Jurij A. | |
| 245 | 0 | 0 |
_aKreml', Stavka, Genštab / _cJurij Aleksandrovič Gor'kov |
| 264 |
_aTver' : _bRIF, _c1995 |
||
| 300 | _a381 S. : Ill + Kt.-Beil | ||
| 650 | 0 | _aGeneralstab | |
| 651 | 0 | _aSowjetunion | |
| 942 | _cMG | ||
| 040 | _cRU-10907106 | ||
| 003 | RU-10907106 | ||
| 999 |
_c5415 _d5415 |
||